| 000 | 08139cam a22021254i 4500 | ||
|---|---|---|---|
| 003 | PE-LiUPU | ||
| 005 | 20250813165453.0 | ||
| 008 | 170801s2016 pe a rb 000 0 spa d | ||
| 020 | _a9972902951 | ||
| 020 | _a9789972902956 | ||
| 035 | _a(Sirsi) a238083 | ||
| 040 |
_aPE-LiUPU _bspa _cPE-LiUPU _erda |
||
| 049 | _aPRUA | ||
| 082 | 0 | 4 |
_a628.53 _bV78 _220 |
| 082 | 0 | 4 |
_a628.53 _bV78 2016 |
| 100 | 1 |
_aVizcarra Andreu, Manuel, _d1938-, _eautor. |
|
| 245 | 1 | 0 |
_aEcósfera : _bla ciencia ambiental y los desastres ecológicos / _cManuel Vizcarra Andreu. |
| 250 | _aTercera Edición, ampliada. | ||
| 264 | 1 |
_aLima : _bAsesoria y servicios, _c2016. |
|
| 300 |
_axxv, 596 páginas : _bilustraciones ; _c25 centímetros |
||
| 336 |
_atext _2rdacontent |
||
| 337 |
_aunmediated _2rdamedia |
||
| 338 |
_avolume _2rdacarrier |
||
| 504 | _aBibliografía : Al final de cada capítulo. | ||
| 505 | 0 | _aLa ciencia ambiental -- La hidrosfera y su contaminación -- Contaminación de la litosfera -- La atmosfera alterada -- Desastres ecológicos -- Desastres ecológicos - en la litósfera -- Desastres en la atmósfera -- Contaminación heterodoxa -- Ecologismo anfiboógico. | |
| 526 | _aP203 | ||
| 526 | _aP200 | ||
| 526 | _aSEG65 | ||
| 526 | _aSEG64 | ||
| 526 | _aSEG63 | ||
| 526 | _aSEG62 | ||
| 526 | _aSEG61 | ||
| 526 | _aSEG60 | ||
| 526 | _aSEG59 | ||
| 526 | _aSEG58 | ||
| 526 | _aSEG57 | ||
| 526 | _aSEG56 | ||
| 526 | _aSEG55 | ||
| 526 | _aSEG54 | ||
| 526 | _aSEG53 | ||
| 526 | _aSEG52 | ||
| 526 | _aSEG51 | ||
| 526 | _aSEG50 | ||
| 526 | _aSEG49 | ||
| 526 | _aSEG48 | ||
| 526 | _aSEG47 | ||
| 526 | _aSEG46 | ||
| 526 | _aSEG24 | ||
| 526 | _aSEG23 | ||
| 526 | _aSEG22 | ||
| 526 | _aSEG21 | ||
| 526 | _aSEG20 | ||
| 526 | _aSEG19 | ||
| 526 | _aSEG18 | ||
| 526 | _aSEG17 | ||
| 526 | _aSEG16 | ||
| 526 | _aSEG14 | ||
| 526 | _aSEG13 | ||
| 526 | _aSEG12 | ||
| 526 | _aSEG11 | ||
| 526 | _aSEG10 | ||
| 526 | _aSEG09 | ||
| 526 | _aSEG06 | ||
| 526 | _aSEG05 | ||
| 526 | _aSEG04 | ||
| 526 | _aSEG03 | ||
| 526 | _aSEG02 | ||
| 526 | _aSEG68 | ||
| 526 | _aSEG66 | ||
| 526 | _aSEG45 | ||
| 526 | _aSEG25 | ||
| 526 | _aSEG01 | ||
| 526 | _aP163 | ||
| 526 | _aP162 | ||
| 526 | _aP161 | ||
| 526 | _aP160 | ||
| 526 | _aP159 | ||
| 526 | _aP158 | ||
| 526 | _aP157 | ||
| 526 | _aP156 | ||
| 526 | _aP155 | ||
| 526 | _aP154 | ||
| 526 | _aP153 | ||
| 526 | _aP152 | ||
| 526 | _aP151 | ||
| 526 | _aP150 | ||
| 526 | _aP149 | ||
| 526 | _aP142 | ||
| 526 | _aP141 | ||
| 526 | _aP140 | ||
| 526 | _aP139 | ||
| 526 | _aP138 | ||
| 526 | _aP137 | ||
| 526 | _aP132 | ||
| 526 | _aP131 | ||
| 526 | _aP130 | ||
| 526 | _aP126 | ||
| 526 | _aP125 | ||
| 526 | _aP124 | ||
| 526 | _aP123 | ||
| 526 | _aP115 | ||
| 526 | _aP122 | ||
| 526 | _aP121 | ||
| 526 | _aP116 | ||
| 526 | _a P114 | ||
| 526 | _aP112 | ||
| 526 | _aP111 | ||
| 526 | _aP104 | ||
| 526 | _aP103 | ||
| 526 | _aP102 | ||
| 526 | _aP101 | ||
| 526 | _aP100 | ||
| 526 | _aP96 | ||
| 526 | _aP95 | ||
| 526 | _aP93 | ||
| 526 | _aP92 | ||
| 526 | _aP91 | ||
| 526 | _aP88 | ||
| 526 | _aP83 | ||
| 526 | _aP82 | ||
| 526 | _aP79 | ||
| 526 | _aP78 | ||
| 526 | _aP75 | ||
| 526 | _aP74 | ||
| 526 | _aP71 | ||
| 526 | _aP69 | ||
| 526 | _a P51 | ||
| 526 | _aP49 | ||
| 526 | _aP48 | ||
| 526 | _aP47 | ||
| 526 | _aP33 | ||
| 526 | _aP31 | ||
| 526 | _a P30 | ||
| 526 | _aP29 | ||
| 526 | _aP27 | ||
| 526 | _aP26 | ||
| 526 | _aP25 | ||
| 526 | _aP24 | ||
| 526 | _a P22 | ||
| 526 | _aP10 | ||
| 526 | _aP09 | ||
| 526 | _a P08 | ||
| 526 | _aP06 | ||
| 526 | _aP05 | ||
| 526 | _aP04 | ||
| 526 | _aP01 | ||
| 541 | _g423-0000040; | ||
| 650 | 0 | 4 | _aContaminación del aire. |
| 650 | 0 | 4 |
_aMedio ambiente _z-Perú. |
| 910 |
_ajck _bncf _cncf _d20170801 |
||
| 910 |
_armch _bwelc _cwelc _d20180227 |
||
| 910 |
_agavs _d20180928 |
||
| 942 |
_2ddc _cBOOK |
||
| 949 |
_a628.53 V78 _wDEWEY _c1 _i76635 _lCCODEBUL1 _mBUL _p49.41 _r0 _sY _tBOOK _u2017-08-01 _xFIA _zINGENIERIA _0COMPRA _o.STAFF. Colección Ingenieria y Arquitectura |
||
| 949 |
_a628.53 V78 _wDEWEY _c1 _i76636 _lCCODEBUL1 _mBUL _p49.41 _r0 _sY _tBOOK _u2017-08-01 _xFIA _zINGENIERIA _0COMPRA _o.STAFF. Colección Ingenieria y Arquitectura |
||
| 949 |
_a628.53 V78 2016 _wDEWEY _c1 _iFJ10543 _lCCODEBUJ1 _mBUJ _p49.50 _r0 _sY _tBOOK _u2018-02-27 _xINGENIERIA _PP24 _0COMPRA _o.STAFF. Colección General Juliaca |
||
| 949 |
_a628.53 V78 2016 _wDEWEY _c2 _iFJ10544 _lCCODEBUJ1 _mBUJ _p49.50 _r0 _sY _tBOOK _u2018-02-27 _xINGENIERIA _PP24 _0COMPRA _o.STAFF. Colección General Juliaca |
||
| 949 |
_a628.53 V78 2016 _wDEWEY _c3 _iFJ10545 _lCCODEBUJ1 _mBUJ _p49.50 _r0 _sY _tBOOK _u2018-02-27 _xINGENIERIA _PP24 _0COMPRA _o.STAFF. Colección General Juliaca |
||
| 949 |
_a628.53 V78 2016 _wDEWEY _c4 _iFJ10546 _lCCODEBUJ1 _mBUJ _p49.50 _r0 _sY _tBOOK _u2018-02-27 _xINGENIERIA _PP24 _0COMPRA _o.STAFF. Colección General Juliaca |
||
| 949 |
_a628.53 V78 2016 _wDEWEY _c5 _iFJ10547 _lCCODEBUJ1 _mBUJ _p49.50 _r0 _sY _tBOOK _u2018-02-27 _xINGENIERIA _PP24 _0COMPRA _o.STAFF. Colección General Juliaca |
||
| 949 |
_a628.53 V78 2016 _wDEWEY _c1 _iFT03952 _lCCODEBUT1 _mBUT _p{dolar}135.50 _r0 _sY _tBOOK _u2018-09-28 _xFIA _PP24 _0COMPRA _o.STAFF. Colección General Tarapoto |
||
| 949 |
_a628.53 V78 2016 _wDEWEY _c2 _iFT03953 _lCCODEBUT1 _mBUT _p{dolar}135.50 _r0 _sY _tBOOK _u2018-09-28 _xFIA _PP24 _0COMPRA _o.STAFF. Colección General Tarapoto |
||
| 949 |
_a628.53 V78 2016 _wDEWEY _c3 _iFT03954 _lCCODEBUT1 _mBUT _p{dolar}135.50 _r0 _sY _tBOOK _u2018-09-28 _xFIA _PP24 _0COMPRA _o.STAFF. Colección General Tarapoto |
||
| 949 |
_a628.53 V78 2016 _wDEWEY _c4 _iFT03955 _lCCODEBUT1 _mBUT _p{dolar}135.50 _r0 _sY _tBOOK _u2018-09-28 _xFIA _PP24 _0COMPRA _o.STAFF. Colección General Tarapoto |
||
| 994 |
_aC0 _bPEPRU |
||
| 596 | _a1 2 3 | ||
| 999 |
_a628.53 V78 _wDEWEY _c24792 _i76635 _f2021-11-9 _g4 _lCCODEBUL1 _mBUL _p49.41 _r0 _sY _tBOOK _u2017-8-1 _xINGENIERIA _PP24 _0COMPRA _o.STAFF. Colección Ingeniería y Arquitectura _d24792 |
||
| 999 |
_a628.53 V78 _wDEWEY _c2 _i76636 _f2021-11-9 _g4 _lCCODEBUL1 _mBUL _p49.41 _r0 _sY _tBOOK _u2017-8-1 _xINGENIERIA _PP24 _0COMPRA _o.STAFF. Colección Ingenieria y Arquitectura |
||
| 999 |
_a628.53 V78 2016 _wDEWEY _c1 _iFJ10543 _d2018-11-8 _f2022-1-26 _g5 _lCCODEBUJ1 _mBUJ _p49.50 _q1 _r0 _sY _tBOOK _u2018-2-27 _xINGENIERIA _PP24 _0COMPRA _o.STAFF. Colección General Juliaca |
||
| 999 |
_a628.53 V78 2016 _wDEWEY _c2 _iFJ10544 _f2022-1-26 _g5 _lCCODEBUJ1 _mBUJ _p49.50 _r0 _sY _tBOOK _u2018-2-27 _xINGENIERIA _PP24 _0COMPRA _o.STAFF. Colección General Juliaca |
||
| 999 |
_a628.53 V78 2016 _wDEWEY _c3 _iFJ10545 _d2018-12-5 _f2022-1-26 _g3 _lCCODEBUJ1 _mBUJ _p49.50 _q1 _r0 _sY _tBOOK _u2018-2-27 _xINGENIERIA _PP24 _0COMPRA _o.STAFF. Colección General Juliaca |
||
| 999 |
_a628.53 V78 2016 _wDEWEY _c4 _iFJ10546 _f2022-1-26 _g5 _lCCODEBUJ1 _mBUJ _p49.50 _r0 _sY _tBOOK _u2018-2-27 _xINGENIERIA _PP24 _0COMPRA _o.STAFF. Colección General Juliaca |
||
| 999 |
_a628.53 V78 2016 _wDEWEY _c5 _iFJ10547 _d2019-9-24 _e2018-3-26 _f2022-1-26 _g5 _lCCODEBUJ1 _mBUJ _n1 _p49.50 _q2 _r0 _sY _tBOOK _u2018-2-27 _xINGENIERIA _PP24 _0COMPRA _o.STAFF. Colección General Juliaca |
||
| 999 |
_a628.53 V78 2016 _wDEWEY _c1 _iFT03952 _f2019-2-20 _g1 _lCCODEBUT1 _mBUT _p135.50 _r0 _sY _tBOOK _u2018-9-28 _xINGENIERIA _PP24 _0COMPRA _1FCOMPR2 _o.STAFF. Colecciòn General Tarapoto |
||
| 999 |
_a628.53 V78 2016 _wDEWEY _c2 _iFT03953 _f2019-2-20 _g1 _lCCODEBUT1 _mBUT _p135.50 _r0 _sY _tBOOK _u2018-9-28 _xINGENIERIA _PP24 _0COMPRA _1FCOMPR2 _o.STAFF. Colecciòn General Tarapoto |
||
| 999 |
_a628.53 V78 2016 _wDEWEY _c3 _iFT03954 _d2022-4-18 _e2022-4-18 _f2019-2-20 _g1 _lCCODEBUT1 _mBUT _n1 _p135.50 _r0 _sY _tBOOK _u2018-9-28 _xINGENIERIA _PP24 _0COMPRA _1FCOMPR2 _o.STAFF. Colecciòn General Tarapoto |
||
| 999 |
_a628.53 V78 2016 _wDEWEY _c4 _iFT03955 _f2019-2-20 _g1 _lCCODEBUT1 _mBUT _p135.50 _r0 _sY _tBOOK _u2018-9-28 _xINGENIERIA _PP24 _0COMPRA _1FCOMPR2 _o.STAFF. Colecciòn General Tarapoto |
||
| 980 |
_81 _gALBERTO SANCHEZ Responsable de Automatización |
||